Dane podnikateľských subjektov
Salvato in:
| Autore principale: | |
|---|---|
| Ente Autore: | |
| Altri autori: | , , |
| Natura: | Libro |
| Lingua: | slovacco |
| Pubblicazione: |
Bratislava
Vydavateľstvo EKONÓM
2015
|
| Edizione: | 1. vyd. |
| Soggetti: | |
| Tags: |
Nessun Tag, puoi essere il primo ad aggiungerne!!
|
MARC
| LEADER | 00000nam a2200000 4500 | ||
|---|---|---|---|
| 001 | 0209354 | ||
| 005 | 20240502073458.6 | ||
| 020 | |a 978-80-225-4147-3 | ||
| 041 | 0 | |a slo | |
| 044 | |a SK | ||
| 245 | 1 | 0 | |a Dane podnikateľských subjektov |c Jana Simonidesová, Adela Feranecová ; recenzenti: Ján Marušin, Eva Manová |
| 250 | |a 1. vyd. | ||
| 264 | 1 | |a Bratislava |b Vydavateľstvo EKONÓM |c 2015 | |
| 300 | |a 130 s. [6,14 AH] | ||
| 610 | 2 | 0 | |a podnikanie |
| 610 | 2 | 0 | |a subjekt |
| 610 | 2 | 0 | |a dane |
| 610 | 2 | 0 | |a zdaňovanie |
| 610 | 2 | 0 | |a systémy daňové |
| 610 | 2 | 0 | |a harmonizácia |
| 610 | 2 | 0 | |a optimalizácia daňová |
| 610 | 2 | 0 | |a politika daňová |
| 610 | 2 | 0 | |a Slovensko |
| 100 | 1 | |a Simonidesová, Jana, 1968- | |
| 700 | 1 | |a Feranecová, Adela, 1986- | |
| 700 | 1 | |a Marušin, Ján | |
| 700 | 1 | |a Manová, Eva, 1957- | |
| 710 | 2 | |a Ekonomická univerzita v Bratislave. Podnikovohospodárska fakulta so sídlom v Košiciach | |